000 00284nam a2200133Ia 4500
100 _aUppenbeck John
942 _cBK
654 _a8086 & 8088 family
245 _a8086 & 8088 family
260 _bprentice hall
_aLondon
_c1997
300 _a630
546 _aENGLISH
999 _c26876
_d26876